[Event "Moscow Open F Women"]
[Site "Moscow RUS"]
[Date "2011.02.06"]
[Round "9.37"]
[White "Tsepennikova, Tatyana"]
[Black "Ivanova, Karina"]
[Result "1-0"]
[WhiteTitle "WFM"]
[WhiteElo "2104"]
[BlackElo "1865"]
[WhiteFideId "4153901"]
[BlackFideId "24139750"]
[EventDate "2011.01.29"]

1. d4 Nf6 2. Nf3 e6 3. Bg5 h6 4. Bh4 c5 5. c3 b6 6. e3 Bb7 7. Nbd2 Be7 8. Bd3
O-O 9. h3 d6 10. Qe2 Nbd7 11. e4 Nh5 12. Bxe7 Qxe7 13. Qe3 e5 14. g4 Nf4 15.
O-O-O Rac8 16. d5 a6 17. h4 g6 18. Ng1 Nf6 19. f3 Kg7 20. Nh3 Nxh3 21. Rxh3 Rh8
22. Rg1 Rce8 23. f4 Nd7 24. h5 exf4 25. Qxf4 Qf6 26. Qh2 Ne5 27. Be2 Bc8 28.
Rhg3 Qf4 29. Rf1 Qg5 30. Qf2 Ref8 31. Kc2 b5 32. a4 Bd7 33. axb5 axb5 34. Qg1
Rhg8 35. Qf2 Rh8 36. Ra1 Ra8 37. Rf1 Raf8 38. Rfg1 Qf6 39. Qg2 Qg5 40. Nf1 Ra8
41. Ne3 Kh7 42. Nf5 Ra6 43. hxg6+ fxg6 44. Rh1 Nf7 45. Nh4 Raa8 46. Qf1 Qe7 47.
g5 c4 48. gxh6 Qxe4+ 49. Kd2 Qxd5+ 50. Bd3 cxd3 51. Rxg6 Rhg8 52. Qf6 Qg5+ 53.
Rxg5 Nxg5 54. Qe7+ Kh8 55. Qxd7 Ne4+ 56. Ke3 Nc5 57. Qf7 Rae8+ 58. Kf3 Re6 59.
h7 Rg3+ 60. Kxg3 Ne4+ 61. Kh2 Rh6 62. Qg8# 1-0

[Event "Moscow Open F Women"]
[Site "Moscow RUS"]
[Date "2011.02.06"]
[Round "9.40"]
[White "Mukhametgaleeva, Railia"]
[Black "Aseeva, Anastasia"]
[Result "1-0"]
[WhiteElo "1983"]
[BlackElo "1807"]
[WhiteFideId "4123263"]
[BlackFideId "4184971"]
[EventDate "2011.01.29"]

1. e4 c5 2. Nf3 d6 3. d4 cxd4 4. Nxd4 Nf6 5. Nc3 g6 6. f4 Nc6 7. Be3 Bg7 8. Be2
O-O 9. Nb3 Na5 10. g4 Be6 11. f5 Bc4 12. h4 Bxe2 13. Qxe2 Nd7 14. h5 Ne5 15.
hxg6 fxg6 16. O-O-O Rf7 17. Qh2 Bh8 18. fxg6 Nxg6 19. Nxa5 Qxa5 20. Rd5 Qc7 21.
Rf5 Raf8 22. Kd2 e6 23. Rg5 Rg7 24. Nb5 Qd7 25. Kc1 e5 26. Nc3 b6 27. Nd5 Qe6
28. Rh5 Rb7 29. Rxh7 Rf1+ 30. Rxf1 Rxh7 31. Qe2 Rf7 32. Rf5 Ne7 33. Nxe7+ Qxe7
34. Qc4 Bg7 35. g5 Qc7 36. Qd5 Qb7 37. Qe6 Qd7 38. Qd5 Qb7 39. Qc4 Qc7 40. Qe6
Qd7 41. Qd5 Qb7 42. Qc4 Qc7 43. Qf1 Qb7 44. Bd2 Rc7 45. Qd3 Rf7 46. c3 Rd7 47.
g6 d5 48. Qh3 Bh8 49. Rf8+ Kxf8 50. Qxh8+ Ke7 51. g7 Rd8 52. Bg5+ Kd6 53. Qxd8+
Kc5 54. g8=Q dxe4 55. b4+ Kb5 56. Qde8+ 1-0

[Event "Moscow Open F Women"]
[Site "Moscow RUS"]
[Date "2011.02.06"]
[Round "9.41"]
[White "Sysoykina, Lidia"]
[Black "Saikhanzaya, Ganbaatar"]
[Result "1-0"]
[WhiteElo "1943"]
[BlackElo "1704"]
[WhiteFideId "4165080"]
[BlackFideId "4900030"]
[EventDate "2011.01.29"]

1. e4 e6 2. d3 d5 3. Nd2 Nf6 4. Ngf3 Be7 5. g3 c5 6. Bg2 Nc6 7. O-O O-O 8. Re1
b5 9. e5 Nd7 10. Nf1 a5 11. h4 b4 12. c3 Ba6 13. Bf4 Rb8 14. Ne3 bxc3 15. bxc3
Qb6 16. Re2 Rfd8 17. Ng4 Qb5 18. Rd2 Nf8 19. h5 a4 20. h6 g6 21. Bg5 Nd7 22. c4
Qb4 23. Bxe7 Nxe7 24. Ng5 Qc3 25. Rc2 Qd4 26. Rac1 Rf8 27. Qe2 Nf5 28. Kh2 Rb6
29. f4 dxc4 30. dxc4 f6 31. Nf3 Bxc4 32. Rxc4 Qb2 33. R1c2 Qb5 34. Qd2 fxe5 35.
fxe5 a3 36. Qg5 Qb1 37. Nd2 Qe1 38. Ne4 Rb1 39. Rc1 Rxc1 40. Rxc1 Qe2 41. Rc3
Rb8 42. Nef6+ Nxf6 43. Nxf6+ Kh8 44. Nd7 Re8 45. g4 Qb5 46. Nxc5 Qb8 47. Qf6+
Kg8 48. gxf5 1-0

[Event "Moscow Open F Women"]
[Site "Moscow RUS"]
[Date "2011.02.06"]
[Round "9.42"]
[White "Morozova, Ulia"]
[Black "Achinova, Giliana"]
[Result "1-0"]
[WhiteElo "1724"]
[BlackElo "1936"]
[WhiteFideId "24159310"]
[BlackFideId "4102428"]
[EventDate "2011.01.29"]

1. e4 c5 2. Nf3 Nc6 3. d4 cxd4 4. Nxd4 e5 5. Nf3 Nf6 6. Bd3 Be7 7. O-O O-O 8. c3
d6 9. Nbd2 h6 10. b4 a6 11. Bb2 Be6 12. a3 Rc8 13. c4 Nd7 14. Rc1 a5 15. Bc3
axb4 16. axb4 Qc7 17. Qe2 Bf6 18. Ne1 Ne7 19. Nc2 Ng6 20. g3 Bh3 21. Rfd1 Nb6
22. Ne3 Bg5 23. Bb2 Bxe3 24. Qxe3 Nd7 25. Bf1 Be6 26. Nf3 Nf6 27. h3 Qc6 28. Re1
Qd7 29. Kh2 Qe7 30. c5 dxc5 31. bxc5 Bd7 32. c6 Bxc6 33. Ba3 Qd7 34. Red1 Qe8
35. Bxf8 Qxf8 36. Nd2 Qe7 37. Bg2 Re8 38. Nc4 Ba4 39. Rd2 Rc8 40. Ra2 Bc6 41.
Na5 Qd7 42. Rac2 Ne7 43. Nxc6 Nxc6 44. Rd2 Nd4 45. Rxc8+ Qxc8 46. f4 Nc6 47. Qc5
Qe6 48. Qd6 Qxd6 49. Rxd6 Kf8 50. fxe5 Nxe5 51. Rb6 Nfd7 52. Rxb7 Ke7 53. Kg1
Kd6 54. Rb1 f6 55. Rd1+ Ke6 56. h4 g5 57. hxg5 hxg5 58. Bh3+ g4 59. Bg2 Nc4 60.
Kf2 Nde5 61. Bf1 Nd6 62. Ke3 Ng6 63. Be2 f5 64. Rxd6+ Kxd6 65. exf5 Ne7 66. Kf4
Nd5+ 67. Kxg4 Ke5 68. Kg5 1-0

[Event "Moscow Open F Women"]
[Site "Moscow RUS"]
[Date "2011.02.06"]
[Round "9.43"]
[White "Dordzhieva, Dinara"]
[Black "Terentieva, Alena"]
[Result "1-0"]
[WhiteTitle "WCM"]
[WhiteElo "1929"]
[BlackElo "1700"]
[WhiteFideId "24157570"]
[BlackFideId "24141291"]
[EventDate "2011.01.29"]

1. e4 e5 2. Nf3 Nf6 3. Nxe5 d6 4. Nf3 Nxe4 5. d4 d5 6. Bd3 Bd6 7. O-O O-O 8. c3
Bg4 9. h3 Bh5 10. Nbd2 Ng5 11. Be2 Re8 12. Re1 Nd7 13. Nxg5 Qxg5 14. Ne4 Bxe2
15. Rxe2 Qg6 16. Nxd6 Qxd6 17. Bg5 f6 18. Bh4 Qa6 19. Re3 Rxe3 20. fxe3 Re8 21.
Qf3 Qe6 22. Re1 c6 23. Bg3 Nb6 24. b3 Nd7 25. Qf4 Qe7 26. Kf2 f5 27. Bh4 Qe4 28.
Qxe4 fxe4 29. c4 Rc8 30. Rc1 Nb6 31. c5 Nd7 32. b4 b6 33. Bg3 b5 34. a4 a6 35.
axb5 axb5 36. Ra1 Kf7 37. Ra7 Ke6 38. Bd6 g6 39. g4 g5 40. Ke2 h6 41. Ke1 Rh8
42. Rc7 Nb8 43. Re7+ Kf6 44. Rb7 Kg6 45. Bxb8 h5 46. Be5 Rc8 47. gxh5+ Kxh5 48.
Rh7+ Kg6 49. Rh8 Rxh8 50. Bxh8 Kh5 51. Kf2 Kh4 52. Kg2 g4 53. hxg4 Kxg4 54. Bf6
Kf5 55. Bd8 1-0

[Event "Moscow Open F Women"]
[Site "Moscow RUS"]
[Date "2011.02.06"]
[Round "9.45"]
[White "Chadaeva, Tatiana"]
[Black "Trotsenko, Evgenia"]
[Result "0-1"]
[BlackTitle "WFM"]
[WhiteElo "1835"]
[BlackElo "2001"]
[WhiteFideId "24152757"]
[BlackFideId "4149289"]
[EventDate "2011.01.29"]

1. d4 d5 2. Bf4 Nf6 3. e3 e6 4. Nf3 Nc6 5. c3 a6 6. Nbd2 Bd6 7. Bg3 O-O 8. Bd3
Re8 9. Ne5 Bxe5 10. dxe5 Nd7 11. f4 Nf8 12. Qg4 Ne7 13. h4 Nf5 14. Bf2 f6 15.
Nf3 Nh6 16. Qh3 f5 17. Nh2 c5 18. O-O-O Qe7 19. g4 Kh8 20. gxf5 exf5 21. h5 Be6
22. Kb1 b5 23. Ka1 c4 24. Bb1 a5 25. Nf3 Ng4 26. Bg1 b4 27. Rc1 Reb8 28. Nd4
bxc3 29. Rxc3 Ra6 30. Qg2 Rab6 0-1

[Event "Moscow Open F Women"]
[Site "Moscow RUS"]
[Date "2011.02.06"]
[Round "9.46"]
[White "Kalashnikova, Larisa"]
[Black "Frantsuzova, Lyudmila"]
[Result "1-0"]
[WhiteTitle "WFM"]
[WhiteElo "1971"]
[BlackElo "1839"]
[WhiteFideId "4110986"]
[BlackFideId "4171918"]
[EventDate "2011.01.29"]

1. c4 c5 2. Nc3 Nc6 3. g3 g6 4. Bg2 Bg7 5. e4 d6 6. Nge2 Nf6 7. O-O O-O 8. h3
Nd4 9. d3 Nd7 10. Be3 a6 11. Kh2 f5 12. f4 fxe4 13. Bxe4 e6 14. Rb1 Ra7 15. b4
Nxe2 16. Nxe2 b6 17. d4 Nf6 18. Bf3 a5 19. bxc5 dxc5 20. dxc5 Rd7 21. Qc1 bxc5
22. Bxc5 Rff7 23. Bb6 Qe7 24. Bxa5 Ra7 25. Bb4 Qc7 26. a3 Nd7 27. Qe3 Ra6 28. c5
h5 29. Be4 h4 30. Bxg6 hxg3+ 31. Qxg3 Rf6 32. Rg1 Nf8 33. Bd3 Ra7 34. Bc3 Rf7
35. Qe3 Kh8 36. Bxg7+ Rxg7 37. Rxg7 Qxg7 38. Rg1 Qf6 39. Qg3 Rg7 40. Qxg7+ Qxg7
41. Rxg7 Kxg7 42. c6 Kf6 43. Kg3 Ke7 44. Nd4 Kd6 45. Kf3 Kd5 46. Ke3 e5 47. Be4+
Kc5 48. fxe5 Bxh3 49. Kd3 Ne6 50. Nxe6+ Bxe6 51. Kc3 Ba2 52. c7 Be6 53. Bb7 Kb6
54. c8=Q Bxc8 55. Bxc8 Kc7 56. Bg4 Kc6 57. Kd4 1-0

[Event "Moscow Open F Women"]
[Site "Moscow RUS"]
[Date "2011.02.06"]
[Round "9.47"]
[White "Lisachenko, Natalia"]
[Black "Vasiukova, Ekaterina"]
[Result "1/2-1/2"]
[WhiteElo "1903"]
[BlackElo "1746"]
[WhiteFideId "4174151"]
[BlackFideId "24114626"]
[EventDate "2011.01.29"]

1. d4 Nf6 2. c4 e6 3. Nc3 Bb4 4. Qc2 O-O 5. a3 Bxc3+ 6. Qxc3 b6 7. Bg5 Bb7 8.
Nf3 d6 9. e3 Nbd7 10. Bxf6 Nxf6 11. Be2 Ne4 12. Qc2 f5 13. O-O Kh8 14. Rad1 Rf6
15. Bd3 Rg6 16. Qe2 Ng5 17. Nxg5 Qxg5 18. f3 Qh5 19. Qf2 Rh6 20. g3 Bxf3 21. Rc1
Bg4 22. Rc2 Bh3 23. Re1 Rg8 24. Be2 Qg6 25. Bd3 Qe8 26. e4 fxe4 27. Bxe4 Rf8 28.
Qe2 Bf5 29. Rd2 Qc8 30. Bg2 Rg6 31. Bf3 Bh3 32. Rd3 Rgf6 33. Re3 Qe8 34. Bg2
Bxg2 35. Qxg2 Qf7 36. R3e2 a5 37. b4 axb4 38. axb4 Qd7 39. Qh3 Rh6 40. Qg2 Re8
41. Qe4 Qa4 42. Qb1 Qc6 43. Qd3 Qd7 44. Qe4 Rf6 45. Ra2 Rff8 46. Rea1 Qf7 47.
Re2 Qf5 48. Qe3 Qh3 49. Qe4 Qf5 50. Qe3 Qh3 51. Qe4 Rf6 52. Rae1 Ref8 53. Rg2
Qf5 54. Rge2 Qh3 55. Rg2 Kg8 56. Qe3 Qf5 57. Rge2 Qh3 58. Rg2 Qf5 59. Rge2 1/2-1/2

[Event "Moscow Open F Women"]
[Site "Moscow RUS"]
[Date "2011.02.06"]
[Round "9.49"]
[White "Semenova, Anastasia"]
[Black "Anfinogenova, Anastasiya"]
[Result "1/2-1/2"]
[WhiteElo "1870"]
[BlackElo "1708"]
[WhiteFideId "4109511"]
[BlackFideId "24123030"]
[EventDate "2011.01.29"]

1. e4 e5 2. Nf3 Nc6 3. Bb5 a6 4. Bxc6 dxc6 5. Nc3 f6 6. O-O Bg4 7. h3 Bh5 8. d3
Bd6 9. Be3 Qd7 10. Nxe5 Bxd1 11. Nxd7 Bxc2 12. Nc5 Bxc5 13. Bxc5 Bxd3 14. Rfd1
O-O-O 15. Rd2 Nh6 16. b3 Rd7 17. f4 Nf7 18. Rad1 Rhd8 19. Kf2 a5 20. Ke3 Ba6 21.
Rxd7 Rxd7 22. Rxd7 Kxd7 23. Bf8 g5 24. g3 Bf1 25. h4 gxh4 26. gxh4 h5 27. Ne2
Bxe2 28. Kxe2 Nd6 29. Ke3 Ke6 30. Kd4 Nb5+ 31. Kc4 Nd6+ 32. Kd3 b5 33. Bg7 f5
34. exf5+ Nxf5 35. Bc3 b4 36. Be5 Nd6 37. Kd4 Kf5 38. Kc5 Kg4 39. Kxc6 Kxh4 40.
Kxc7 Nf5 41. Bf6+ Kg4 42. Bg5 h4 43. Bxh4 Nxh4 44. Kb6 Kxf4 45. Kxa5 Ke5 46.
Kxb4 Kd6 47. Ka5 Kc7 48. Ka6 Kb8 49. a4 Nf5 50. a5 Nd4 51. b4 Nc6 52. b5 Nxa5
53. Kxa5 Ka7 54. b6+ Kb7 55. Kb5 Kb8 56. Ka6 Ka8 1/2-1/2

[Event "Moscow Open F Women"]
[Site "Moscow RUS"]
[Date "2011.02.06"]
[Round "9.55"]
[White "Loginova, Tatiana"]
[Black "Burmistrova, Alena"]
[Result "1/2-1/2"]
[WhiteElo "1599"]
[BlackElo "1720"]
[WhiteFideId "24174700"]
[BlackFideId "24160415"]
[EventDate "2011.01.29"]

1. e4 e5 2. Nf3 Nc6 3. Bb5 a6 4. Ba4 Nf6 5. O-O b5 6. Bb3 d6 7. Re1 Na5 8. d4
exd4 9. Nxd4 c5 10. Bd5 Nxd5 11. exd5+ Be7 12. Nf3 O-O 13. Nbd2 Bb7 14. Nf1 Nc4
15. Ne3 Nb6 16. b3 Bf6 17. Rb1 Bc3 18. Bd2 Bxd2 19. Qxd2 Re8 20. c4 b4 21. Qb2
Qd7 22. a3 a5 23. a4 Re7 24. Nh4 g6 25. Nf3 Rae8 26. h3 h5 27. Qf6 Qd8 28. Qg5
Kh7 29. Qh4 Nd7 30. Ng5+ Kg8 31. Qf4 Ne5 32. Ne4 Nd3 33. Nf6+ Kg7 34. Nxe8+ Rxe8
35. Nf5+ gxf5 36. Qg3+ Kh6 37. Qxd3 Bc8 38. Rxe8 Qxe8 39. Qe3+ Qxe3 40. fxe3 Kg5
41. Rf1 f6 42. Rf4 h4 43. Kf2 Bd7 44. Kf3 Be8 45. g4 Bd7 46. e4 fxg4+ 47. hxg4
h3 48. Kg3 h2 49. Rf1 Bxg4 50. Kxh2 Be2 51. Re1 Bd3 52. Kg3 Bc2 53. Re3 Bd1 54.
Re1 Bxb3 55. Rc1 Bxa4 56. Ra1 b3 57. Rb1 f5 58. Kf3 1/2-1/2

[Event "Moscow Open F Women"]
[Site "Moscow RUS"]
[Date "2011.02.06"]
[Round "9.56"]
[White "Artemenko, Rimma"]
[Black "Vanchikova, Dulma"]
[Result "0-1"]
[WhiteElo "1566"]
[BlackElo "1719"]
[WhiteFideId "4194799"]
[BlackFideId "4170792"]
[EventDate "2011.01.29"]

1. d4 d5 2. Nf3 h6 3. Bf4 Nf6 4. h3 e6 5. Nbd2 Bd6 6. e3 O-O 7. Ne5 Nh7 8. Bd3
Nd7 9. Nxd7 Qxd7 10. Bxd6 Qxd6 11. Nf3 Qb4+ 12. Nd2 Qxb2 13. Bxh7+ Kxh7 14. O-O
e5 15. Qb1 Qc3 16. Nb3 exd4 17. Nxd4 c5 18. Nb5 Qe5 19. c4+ Bf5 20. Qb3 dxc4 21.
Qxc4 Be6 22. Qc2+ g6 23. Qc3 Qxc3 24. Nxc3 a6 25. Rfd1 b5 26. a3 b4 27. axb4
cxb4 28. Na4 Bb3 29. Rd6 Rfd8 30. Rxd8 Rxd8 31. Nc5 Bc4 32. Rc1 Bb5 33. Ne4 Kg7
34. Rc7 b3 35. Rc3 b2 36. Rb3 Rd1+ 37. Kh2 b1=Q 38. Rxb1 Rxb1 0-1

[Event "Moscow Open F Women"]
[Site "Moscow RUS"]
[Date "2011.02.06"]
[Round "9.59"]
[White "Kiparenko, Galina"]
[Black "Stanetskaya, Galina"]
[Result "1-0"]
[WhiteTitle "WFM"]
[WhiteElo "2079"]
[BlackElo "1531"]
[WhiteFideId "4143884"]
[BlackFideId "24156957"]
[EventDate "2011.01.29"]

1. Nf3 Nf6 2. c4 c5 3. Nc3 d6 4. g3 g6 5. Bg2 e5 6. d3 Bg7 7. Bg5 h6 8. Bd2 Nc6
9. Qa4 Bd7 10. Nb5 Bf8 11. Qd1 a6 12. Nc3 Rb8 13. a4 Nd4 14. Nxd4 exd4 15. Ne4
Bf5 16. Nxf6+ Qxf6 17. b4 Qe7 18. Qb3 Bg4 19. O-O h5 20. e3 Be6 21. exd4 h4 22.
Rfe1 hxg3 23. fxg3 Bg7 24. Be3 cxd4 25. Bd2 Be5 26. Re2 f5 27. Qc2 g5 28. Rae1
f4 29. c5 fxg3 30. cxd6 gxh2+ 31. Kh1 Qxd6 32. Rxe5 Rh6 33. Bd5 Kd7 34. Qc4
Bxd5+ 35. Rxd5 Rc8 36. Rxd6+ Rxd6 37. Qf7+ Kc6 38. Rc1+ 1-0

[Event "Moscow Open F Women"]
[Site "Moscow RUS"]
[Date "2011.02.06"]
[Round "9.60"]
[White "Cherniavskaya, Klara"]
[Black "Shmyreva, Tatiana"]
[Result "1/2-1/2"]
[WhiteElo "1645"]
[BlackElo "1806"]
[WhiteFideId "4194462"]
[BlackFideId "24152803"]
[EventDate "2011.01.29"]

1. Nf3 d5 2. e3 Nf6 3. d4 e6 4. c4 Bb4+ 5. Nbd2 c5 6. dxc5 Bxc5 7. cxd5 exd5 8.
Be2 O-O 9. O-O d4 10. exd4 Bxd4 11. Nxd4 Qxd4 12. Nb3 Qxd1 13. Rxd1 Bg4 14. Bxg4
Nxg4 15. h3 Nf6 16. Bg5 Nbd7 17. Rac1 h6 18. Bf4 Rac8 19. Be3 b6 20. Nd4 1/2-1/2